[Event "19. Torneo San Viator"]
[Site "Madrid ESP"]
[Date "2012.10.14"]
[Round "4.30"]
[White "Soto Martin, Miguel"]
[Black "Cabeza Hernandez, Guillermo"]
[Result "1-0"]
[WhiteElo "1493"]
[BlackElo "1546"]
[PlyCount "75"]
[EventDate "2012.09.23"]
[EventType "swiss"]
[EventRounds "9"]
[EventCountry "ESP"]
[Source "lmi"]
[SourceDate "2012.09.23"]

1. d4 d6 2. Nf3 Nd7 3. g3 g6 4. Bg2 Bg7 5. O-O e5 6. c4 Ne7 7. b3 O-O 8. Bb2
Nc6 9. d5 Ne7 10. e4 Rb8 11. Qc2 b6 12. b4 c5 13. a3 a6 14. Nbd2 Rb7 15. b5 a5
16. a4 Nf6 17. Ne1 Bd7 18. Nd3 Qc8 19. Rfe1 Kh8 20. f4 Ng4 21. fxe5 Nxe5 22.
Nxe5 dxe5 23. Nf3 f6 24. Bc3 Ng8 25. Rf1 h6 26. Nh4 Kh7 27. Qf2 Bh3 28. Bxh3
Qxh3 29. Qg2 Qg4 30. Qf3 Qd7 31. Kg2 Qd6 32. Qg4 Ne7 33. Rf2 h5 34. Qe2 Kg8 35.
Raf1 Nc8 36. Nxg6 Rff7 37. Qxh5 Ne7 38. Nxe5 1-0

[Event "19. Torneo San Viator"]
[Site "Madrid ESP"]
[Date "2012.10.14"]
[Round "4.31"]
[White "Savchuk, Olga"]
[Black "Del Noval Nemeshazi, Nesztor"]
[Result "1/2-1/2"]
[WhiteElo "1464"]
[BlackElo "1499"]
[PlyCount "42"]
[EventDate "2012.09.23"]
[EventType "swiss"]
[EventRounds "9"]
[EventCountry "ESP"]
[Source "lmi"]
[SourceDate "2012.09.23"]

1. e4 c5 2. Nf3 e6 3. d4 cxd4 4. Nxd4 Nc6 5. c4 Bb4+ 6. Nc3 Nf6 7. Qd3 Bxc3+ 8.
bxc3 O-O 9. Be2 a6 10. a4 d6 11. O-O h6 12. Bd2 Bd7 13. Rab1 Qc7 14. Rfe1 Rab8
15. Nb3 Ne5 16. Qd4 Bxa4 17. c5 dxc5 18. Nxc5 Bc2 19. Bf4 Nf3+ 20. Bxf3 Qxf4
21. Rxb7 e5 1/2-1/2

[Event "19. Torneo San Viator"]
[Site "Madrid ESP"]
[Date "2012.10.14"]
[Round "4.32"]
[White "Martin Garcia, Francisco Javier"]
[Black "Garcia Laborda, Pedro"]
[Result "1-0"]
[WhiteElo "1609"]
[BlackElo "1388"]
[PlyCount "55"]
[EventDate "2012.09.23"]
[EventType "swiss"]
[EventRounds "9"]
[EventCountry "ESP"]
[Source "lmi"]
[SourceDate "2012.09.23"]

1. d4 Nf6 2. Nf3 g6 3. c4 Bg7 4. Nc3 a6 5. e4 d6 6. Be2 O-O 7. h3 b6 8. O-O Bb7
9. Qc2 Nbd7 10. Rd1 c5 11. Be3 b5 12. cxb5 Qb6 13. dxc5 dxc5 14. e5 Nxe5 15.
Nxe5 Qc7 16. Nf3 c4 17. bxa6 Bxa6 18. Qc1 e5 19. Bh6 Bxh6 20. Qxh6 Rfb8 21. Qc1
e4 22. Nd2 Re8 23. b3 cxb3 24. Bxa6 Rxa6 25. Nc4 Qe7 26. Ne3 Rb8 27. Qa3 Rb4
28. Ncd5 1-0

[Event "19. Torneo San Viator"]
[Site "Madrid ESP"]
[Date "2012.10.21"]
[Round "5.1"]
[White "Rivera Leon, Mauro Arturo"]
[Black "Bote Alvarez-Carrasco, Valentin"]
[Result "1/2-1/2"]
[WhiteElo "2105"]
[BlackElo "2130"]
[PlyCount "126"]
[EventDate "2012.09.23"]
[EventType "swiss"]
[EventRounds "9"]
[EventCountry "ESP"]
[Source "lmi"]
[SourceDate "2012.09.23"]

1. e4 e5 2. Nf3 Nc6 3. Bb5 f5 4. Nc3 fxe4 5. Nxe4 Nf6 6. Nxf6+ Qxf6 7. Qe2 Be7
8. Bxc6 bxc6 9. Nxe5 Qe6 10. d3 O-O 11. Nc4 Qxe2+ 12. Kxe2 d5 13. Ne5 Bh4 14.
Be3 Re8 15. f4 Bf6 16. Kd2 Bxe5 17. fxe5 Rxe5 18. Rae1 Bg4 19. Bd4 Rxe1 20.
Rxe1 Kf7 21. h3 Bh5 22. Bc5 Re8 23. Bxa7 Rxe1 24. Kxe1 Ke6 25. Bf2 Be8 26. Bg3
Kd7 27. Be5 g6 28. b4 c5 29. bxc5 Kc6 30. Kd2 Kb7 31. h4 h5 32. c3 Ba4 33. Ke3
Bc2 34. Kd4 c6 35. c4 dxc4 36. Kxc4 Bb1 37. a4 Bc2 38. a5 Ka6 39. Bc7 Kb7 40.
Bd8 Kc8 41. a6 Kb8 42. Bb6 Ka8 43. g3 Kb8 44. Kc3 Bb1 45. Kd2 Ka8 46. Ke2 Kb8
47. Ke3 Ka8 48. Ke4 Kb8 49. Ke3 Ka8 50. d4 Ba2 51. Ke4 Bd5+ 52. Ke5 Kb8 53. Kf6
Be4 54. Ke5 Bd5 55. Kf6 Be4 56. d5 Bxd5 57. Kxg6 Bf3 58. Kf6 Be2 59. Kg5 Ka8
60. Kf4 Kb8 61. Ke5 Kc8 62. Kd6 Bxa6 63. Kxc6 Be2 1/2-1/2

[Event "19. Torneo San Viator"]
[Site "Madrid ESP"]
[Date "2012.10.21"]
[Round "5.2"]
[White "Hernandez Mateo, Borja"]
[Black "Cano Cabanillas, Javier"]
[Result "0-1"]
[WhiteElo "1719"]
[BlackElo "2027"]
[PlyCount "82"]
[EventDate "2012.09.23"]
[EventType "swiss"]
[EventRounds "9"]
[EventCountry "ESP"]
[Source "lmi"]
[SourceDate "2012.09.23"]

1. e4 d5 2. exd5 Qxd5 3. Nc3 Qa5 4. d4 Nf6 5. Bd2 c6 6. Nf3 Bf5 7. Bc4 e6 8.
Nd5 Qd8 9. Nxf6+ gxf6 10. Bf4 Bd6 11. Bxd6 Qxd6 12. Qd2 Nd7 13. Nh4 Be4 14. Bd3
Qxd4 15. O-O-O Bxd3 16. Qxd3 Qxd3 17. Rxd3 Ne5 18. Rb3 O-O-O 19. Re1 Rhg8 20.
h3 Rd4 21. g3 Rgd8 22. Nf3 Nxf3 23. Rxf3 f5 24. c3 Ra4 25. Kb1 Rd7 26. b3 Re4
27. Rxe4 fxe4 28. Rf4 f5 29. Kc2 Kc7 30. a3 Kd6 31. Rh4 Rf7 32. Rh6 Ke5 33. Kd2
Rd7+ 34. Kc2 b5 35. b4 Rd3 36. Rxh7 Rf3 37. Rd7 Rxf2+ 38. Kb3 e3 39. Rd3 Ke4
40. Rd1 e2 41. Re1 Ke3 0-1

[Event "19. Torneo San Viator"]
[Site "Madrid ESP"]
[Date "2012.10.21"]
[Round "5.3"]
[White "Cabanas Bravo, Juan Andres"]
[Black "Sanchez Lopez, Maria"]
[Result "1/2-1/2"]
[WhiteElo "2070"]
[BlackElo "1873"]
[PlyCount "153"]
[EventDate "2012.09.23"]
[EventType "swiss"]
[EventRounds "9"]
[EventCountry "ESP"]
[Source "lmi"]
[SourceDate "2012.09.23"]

1. e4 e6 2. d4 d5 3. Nc3 Nf6 4. Bg5 Bb4 5. e5 h6 6. exf6 hxg5 7. fxg7 Rg8 8. h4
gxh4 9. Qg4 Qf6 10. Rxh4 Rxg7 11. Rh8+ Ke7 12. Qh3 Nd7 13. O-O-O Qxf2 14. Nge2
c6 15. a3 Bd6 16. Na2 Nf8 17. Qb3 Ng6 18. Rh3 Nf4 19. Nxf4 Bxf4+ 20. Kb1 Rg3
21. c3 Rxh3 22. gxh3 Bd6 23. Nc1 f6 24. c4 b6 25. cxd5 cxd5 26. Bb5 Bb7 27. Qd3
Rh8 28. Qg6 Qf5+ 29. Qxf5 exf5 30. Re1+ Kf7 31. Re3 f4 32. Rf3 Bc8 33. Bf1 Bf5+
34. Nd3 Be4 35. Rf2 f3 36. Ka2 Bxd3 37. Bxd3 Rxh3 38. Kb3 Bf4 39. Bf5 Rg3 40.
Kc3 Be3 41. Rf1 f2 42. Kd3 Bc1+ 43. Kc2 Be3 44. Kd3 Bc1+ 45. Kc2 Be3 46. Kd3
Rg1 47. Bh3 Rxf1 48. Bxf1 Bc1 49. Kc2 Bg5 50. Kd3 Ke6 51. Bh3+ f5 52. b3 Kf6
53. a4 Ke6 54. Ke2 Bf6 55. Ke3 Kd6 56. Kxf2 Bxd4+ 57. Ke2 f4 58. Kd3 Kc5 59.
Bg2 Be3 60. Bf3 d4 61. Be4 Kb4 62. Kc2 b5 63. axb5 Kxb5 64. Kd3 Kb4 65. Kc2 Kc5
66. Kd3 a5 67. Kc2 Kd6 68. Kd3 Ke5 69. Bg2 Kf5 70. Bf3 Kg5 71. Ke4 Kh4 72. Bd1
Kg3 73. Be2 Kf2 74. Bh5 f3 75. Bxf3 d3 76. Bh5 d2 77. Kd3 1/2-1/2

[Event "19. Torneo San Viator"]
[Site "Madrid ESP"]
[Date "2012.10.21"]
[Round "5.4"]
[White "Plazuelo Pascual, Juan"]
[Black "Rodriguez Sanchez, Roberto"]
[Result "1/2-1/2"]
[WhiteElo "1721"]
[BlackElo "1953"]
[PlyCount "67"]
[EventDate "2012.09.23"]
[EventType "swiss"]
[EventRounds "9"]
[EventCountry "ESP"]
[Source "lmi"]
[SourceDate "2012.09.23"]

1. e4 c5 2. Nf3 d6 3. d4 cxd4 4. Nxd4 Nf6 5. Nc3 a6 6. Bc4 e6 7. Bb3 Be7 8. Bg5
Nc6 9. O-O O-O 10. Nxc6 bxc6 11. f4 h6 12. Bh4 d5 13. e5 Nd7 14. Bxe7 Qxe7 15.
Ne2 Nc5 16. c3 Nxb3 17. Qxb3 Qc7 18. Qc2 c5 19. Ng3 Rb8 20. Qf2 Qb6 21. Rab1 c4
22. Ne2 Qxf2+ 23. Rxf2 Bd7 24. Nd4 Rb6 25. b4 cxb3 26. axb3 Rc8 27. Rc2 Bb5 28.
Nxb5 axb5 29. Kf2 d4 30. Rbc1 Rbc6 31. c4 d3 32. Rc3 d2 33. Rd1 bxc4 34. Rxd2
1/2-1/2

[Event "19. Torneo San Viator"]
[Site "Madrid ESP"]
[Date "2012.10.21"]
[Round "5.5"]
[White "Morona Minguez, Irene"]
[Black "Navarro Gonzalez, Jaime"]
[Result "1-0"]
[WhiteElo "1952"]
[BlackElo "1769"]
[PlyCount "69"]
[EventDate "2012.09.23"]
[EventType "swiss"]
[EventRounds "9"]
[EventCountry "ESP"]
[Source "lmi"]
[SourceDate "2012.09.23"]

1. e4 c5 2. Nf3 Nc6 3. d4 cxd4 4. Nxd4 Nf6 5. Nc3 d6 6. Bg5 e6 7. Qd2 a6 8. f4
Be7 9. Be2 Qb6 10. Nb3 Bd7 11. a4 Na5 12. Nxa5 Qxa5 13. Rd1 Bxa4 14. Ra1 b5 15.
b3 Rc8 16. Nb1 Qb6 17. Bd3 h6 18. Bxf6 Bxf6 19. Ra2 Bxb3 20. cxb3 O-O 21. Ke2
Rc5 22. Rc1 Rd8 23. b4 Rh5 24. h3 e5 25. Qe3 Qb7 26. Qf3 Rh4 27. g4 exf4 28.
Nc3 Bxc3 29. Rxc3 d5 30. Rac2 dxe4 31. Qxe4 f3+ 32. Kf2 Qxe4 33. Bxe4 Rxh3 34.
Rc8 Rh2+ 35. Kxf3 1-0

[Event "19. Torneo San Viator"]
[Site "Madrid ESP"]
[Date "2012.10.21"]
[Round "5.6"]
[White "Garcia-Ruiz Fuentes, Angel M"]
[Black "Soto Martin, Pablo"]
[Result "1-0"]
[WhiteElo "1943"]
[BlackElo "1695"]
[PlyCount "65"]
[EventDate "2012.09.23"]
[EventType "swiss"]
[EventRounds "9"]
[EventCountry "ESP"]
[Source "lmi"]
[SourceDate "2012.09.23"]

1. e4 e5 2. Bc4 Nc6 3. Nc3 Nf6 4. d3 Bc5 5. f4 d6 6. f5 h6 7. a3 a6 8. Nf3 b5
9. Ba2 Bb7 10. Qe2 Qd7 11. Be3 Bxe3 12. Qxe3 O-O 13. Rg1 Rfe8 14. g4 b4 15. g5
Nh5 16. Ne2 Kh7 17. Bxf7 Nf4 18. Nxf4 exf4 19. Qxf4 Re7 20. Bg6+ Kh8 21. gxh6
d5 22. hxg7+ Rxg7 23. Qh6+ Kg8 24. Bh7+ Kf8 25. f6 dxe4 26. fxg7+ Kf7 27. g8=Q+
Rxg8 28. Bxg8+ Ke7 29. Rg7+ Kd8 30. Rxd7+ Kxd7 31. Qe6+ Kd8 32. Ng5 Ne5 33.
dxe4 1-0

[Event "19. Torneo San Viator"]
[Site "Madrid ESP"]
[Date "2012.10.21"]
[Round "5.7"]
[White "Ore Leon, Gustavo"]
[Black "Lianes Garcia, Marcos"]
[Result "0-1"]
[WhiteElo "1812"]
[BlackElo "1627"]
[PlyCount "142"]
[EventDate "2012.09.23"]
[EventType "swiss"]
[EventRounds "9"]
[EventCountry "ESP"]
[Source "lmi"]
[SourceDate "2012.09.23"]

1. e4 e6 2. Nf3 d5 3. exd5 exd5 4. g3 Nf6 5. Qe2+ Be7 6. Bg2 O-O 7. O-O Re8 8.
d4 c6 9. Qd3 Na6 10. c3 Ne4 11. Nfd2 Nd6 12. Nb3 Bf5 13. Qd1 Qd7 14. N1d2 Bf6
15. Nf3 Re7 16. Bf4 Nc4 17. Qc1 Rae8 18. Nbd2 Nxd2 19. Bxd2 c5 20. Be3 Bd3 21.
Rd1 Be2 22. Re1 Bxf3 23. Bxf3 cxd4 24. cxd4 Bxd4 25. Qd2 Bxe3 26. fxe3 d4 27.
exd4 Rxe1+ 28. Rxe1 Rxe1+ 29. Qxe1 Qxd4+ 30. Kh1 Qd7 31. Qe4 Nc5 32. Qc4 Qd3
33. Qxd3 Nxd3 34. Bxb7 Nxb2 35. Kg2 Kf8 36. Kf3 Ke7 37. Ba6 Na4 38. Ke3 Nb6 39.
Kd4 Kd6 40. Bd3 h6 41. Be4 Nc8 42. Bd5 f6 43. Be4 Nb6 44. Bd3 Nd7 45. Bf5 Ne5
46. Be4 g6 47. h3 f5 48. Bg2 g5 49. a4 g4 50. hxg4 Nxg4 51. Bf3 a5 52. Bxg4
fxg4 53. Ke4 Kc5 54. Kf4 Kb4 55. Kxg4 Kxa4 56. Kh5 Kb5 57. Kxh6 a4 58. g4 a3
59. g5 a2 60. g6 a1=Q 61. g7 Qf6+ 62. Kh7 Qf7 63. Kh8 Qh5+ 64. Kg8 Kc6 65. Kf8
Qf5+ 66. Ke7 Qg6 67. Kf8 Qf6+ 68. Kg8 Kd6 69. Kh7 Qf7 70. Kh8 Qh5+ 71. Kg8 Ke6
0-1

[Event "19. Torneo San Viator"]
[Site "Madrid ESP"]
[Date "2012.10.21"]
[Round "5.8"]
[White "Camara Cozar, David"]
[Black "Sanchez Rodenas, Antonio"]
[Result "1-0"]
[WhiteElo "2077"]
[BlackElo "1756"]
[PlyCount "51"]
[EventDate "2012.09.23"]
[EventType "swiss"]
[EventRounds "9"]
[EventCountry "ESP"]
[Source "lmi"]
[SourceDate "2012.09.23"]

1. e4 c5 2. b3 d6 3. Bb2 Nc6 4. Bb5 Bd7 5. f4 a6 6. Bxc6 Bxc6 7. d3 Qc7 8. Nf3
e6 9. O-O f6 10. c4 Ne7 11. Nc3 Rg8 12. d4 g5 13. fxg5 fxg5 14. d5 Bd7 15. e5
Nf5 16. Ne4 O-O-O 17. Nf6 Rg6 18. Qe1 g4 19. Nh4 Nxh4 20. Qxh4 Be8 21. dxe6
dxe5 22. Nd5 Qg7 23. Rxf8 Rh6 24. Qf2 Rxe6 25. Qxc5+ Bc6 26. Raf1 1-0

[Event "19. Torneo San Viator"]
[Site "Madrid ESP"]
[Date "2012.10.21"]
[Round "5.9"]
[White "Garcia Sanjuan, Jose"]
[Black "Sahuquillo Cruz, Alejandro"]
[Result "1/2-1/2"]
[WhiteElo "1905"]
[BlackElo "1730"]
[PlyCount "83"]
[EventDate "2012.09.23"]
[EventType "swiss"]
[EventRounds "9"]
[EventCountry "ESP"]
[Source "lmi"]
[SourceDate "2012.09.23"]

1. d4 e6 2. c4 d5 3. Nf3 Be7 4. Nc3 Nf6 5. Bf4 O-O 6. e3 c6 7. Bd3 b6 8. O-O
Bb7 9. Rc1 Nh5 10. Bxb8 Qxb8 11. Ne5 Nf6 12. cxd5 exd5 13. h3 Qd6 14. f4 Nd7
15. Qh5 g6 16. Qf3 Bf6 17. Ne2 Bg7 18. Rc2 Nxe5 19. fxe5 Qe7 20. Qg3 f6 21.
exf6 Rxf6 22. Rxf6 Bxf6 23. Nf4 Qg7 24. Rf2 Re8 25. Kh1 c5 26. dxc5 bxc5 27. b3
Be5 28. Qg4 Bxf4 29. Qxf4 Rf8 30. Qg3 Rxf2 31. Qxf2 Qe5 32. e4 Qa1+ 33. Kh2
Qe5+ 34. g3 Qd6 35. exd5 Bxd5 36. Qe3 Kg7 37. Bc4 Bc6 38. Qc3+ Qf6 39. Qxf6+
Kxf6 40. h4 h6 41. Kg1 Ke5 42. Kf2 1/2-1/2

[Event "19. Torneo San Viator"]
[Site "Madrid ESP"]
[Date "2012.10.21"]
[Round "5.11"]
[White "Padin Lazaro, Jose Manuel"]
[Black "Morona Minguez, Miguel"]
[Result "1-0"]
[WhiteElo "1806"]
[BlackElo "1631"]
[PlyCount "113"]
[EventDate "2012.09.23"]
[EventType "swiss"]
[EventRounds "9"]
[EventCountry "ESP"]
[Source "lmi"]
[SourceDate "2012.09.23"]

1. e4 e5 2. Nf3 Nc6 3. Bb5 a6 4. Ba4 Nf6 5. O-O b5 6. Bb3 Be7 7. Re1 d6 8. c3
Na5 9. Bc2 c5 10. d4 Bg4 11. dxe5 dxe5 12. Qxd8+ Rxd8 13. Nxe5 Bd6 14. Nxg4
Nxg4 15. h3 Ne5 16. f4 Ng6 17. e5 Be7 18. Be3 Nc4 19. Bc1 Bh4 20. Rf1 O-O 21.
b3 Nb6 22. Be3 Nd5 23. Bxc5 Rfe8 24. Bxg6 hxg6 25. Kh2 Rc8 26. Bd4 Rc7 27. a4
b4 28. c4 Ne7 29. g3 Bxg3+ 30. Kxg3 Nf5+ 31. Kg2 Nxd4 32. Nd2 Nc2 33. Ne4 Nxa1
34. Rxa1 Rd8 35. Nd6 f6 36. Rd1 fxe5 37. fxe5 Re7 38. Rd5 Rf8 39. Ra5 Rf4 40.
Rd5 Rh4 41. Kg3 Rh5 42. Ne4 Rhxe5 43. Rxe5 Rxe5 44. Kf4 Rf5+ 45. Ke3 Kf8 46. c5
Ke7 47. Kd4 Rf3 48. c6 Rxh3 49. Kc5 Kd8 50. Kb6 Kc8 51. Nd6+ Kd8 52. c7+ Ke7
53. c8=Q Rc3 54. Nc4 Rxb3 55. Qc5+ Kf7 56. Nd6+ Kf6 57. Ne4+ 1-0

[Event "19. Torneo San Viator"]
[Site "Madrid ESP"]
[Date "2012.10.21"]
[Round "5.12"]
[White "Perez Perez, Elena"]
[Black "Sierra Soria, Maria"]
[Result "0-1"]
[WhiteElo "1678"]
[BlackElo "1795"]
[PlyCount "90"]
[EventDate "2012.09.23"]
[EventType "swiss"]
[EventRounds "9"]
[EventCountry "ESP"]
[Source "lmi"]
[SourceDate "2012.09.23"]

1. e4 d5 2. exd5 Qxd5 3. Nc3 Qd8 4. d4 c6 5. Nf3 Nf6 6. h3 Bf5 7. Bd3 Bxd3 8.
Qxd3 Qd6 9. a3 g6 10. Be3 Bg7 11. Qd2 Nd5 12. Nxd5 Qxd5 13. O-O Nd7 14. Rfe1
O-O 15. Bh6 Rfe8 16. Bxg7 Kxg7 17. Re2 Nf6 18. Qb4 Qd7 19. Rae1 Nd5 20. Qd2
Rad8 21. c3 Qc7 22. Re4 Nf6 23. Re5 Rd5 24. Qe2 e6 25. Rxd5 exd5 26. Ne5 Nd7
27. Qd2 Nxe5 28. dxe5 Rxe5 29. Qd4 f6 30. Rxe5 fxe5 31. Qxa7 c5 32. Qa4 Kf7 33.
Kf1 Ke7 34. Ke2 Qb6 35. Qh4+ Ke6 36. Qg4+ Kd6 37. b4 Qa6+ 38. Kd2 Qxa3 39.
bxc5+ Qxc5 40. Qf3 Ke7 41. Qg3 Kd6 42. f4 d4 43. fxe5+ Qxe5 44. Qd3 Kc5 45. c4
Qe3+ 0-1

[Event "19. Torneo San Viator"]
[Site "Madrid ESP"]
[Date "2012.10.21"]
[Round "5.13"]
[White "Gomez Dorado, Ernesto"]
[Black "Rodriguez Alonso, Marcos"]
[Result "1-0"]
[WhiteElo "1768"]
[BlackElo "1596"]
[PlyCount "84"]
[EventDate "2012.09.23"]
[EventType "swiss"]
[EventRounds "9"]
[EventCountry "ESP"]
[Source "lmi"]
[SourceDate "2012.09.23"]

1. e4 e5 2. Nf3 Nc6 3. Bb5 a6 4. Ba4 Bc5 5. O-O b5 6. Bb3 Nf6 7. Qe2 d6 8. c3
O-O 9. d3 h6 10. Nbd2 Re8 11. Rd1 Bb7 12. Nf1 Bb6 13. Ng3 Qc8 14. Nf5 Ne7 15.
N3h4 Nxf5 16. Nxf5 d5 17. Bc2 dxe4 18. dxe4 Kh7 19. Qf3 Rd8 20. Bd2 Qe6 21. Ng3
Qg4 22. Qxg4 Nxg4 23. Be1 Nf6 24. Kf1 Ne8 25. f3 Nd6 26. b3 Rd7 27. Ke2 Rad8
28. Nf1 f6 29. Ne3 c5 30. Nd5 Bxd5 31. Rxd5 Nb7 32. Rad1 Rd6 33. Bf2 Rxd5 34.
Rxd5 Rxd5 35. exd5+ Kg8 36. Be4 Kf7 37. b4 Ke8 38. d6 Nxd6 39. Bc6+ Kd8 40.
bxc5 Kc7 41. Bd5 Ba5 42. cxd6+ Kxd6 1-0

[Event "19. Torneo San Viator"]
[Site "Madrid ESP"]
[Date "2012.10.21"]
[Round "5.14"]
[White "Pindado Campos, Raul"]
[Black "Moreno Sanchez, Guillermo"]
[Result "1-0"]
[WhiteElo "1928"]
[BlackElo "1635"]
[PlyCount "77"]
[EventDate "2012.09.23"]
[EventType "swiss"]
[EventRounds "9"]
[EventCountry "ESP"]
[Source "lmi"]
[SourceDate "2012.09.23"]

1. e4 c5 2. Nf3 d6 3. d4 cxd4 4. Nxd4 Nf6 5. Nc3 a6 6. Be2 e6 7. O-O Be7 8. Be3
b5 9. a3 Bb7 10. Bd3 Nc6 11. Nxc6 Bxc6 12. f4 e5 13. Kh1 Qc7 14. fxe5 dxe5 15.
Qf3 O-O 16. Bg5 h6 17. Bxf6 Bxf6 18. Qg3 Be7 19. Rf5 Bg5 20. Nd5 Bxd5 21. exd5
Bf4 22. Qg4 Rad8 23. g3 Bg5 24. h4 Be7 25. Qe4 g6 26. h5 Bg5 27. hxg6 fxg6 28.
Rxf8+ Rxf8 29. Qxg6+ Kh8 30. Re1 Rf6 31. Qe8+ Kg7 32. Rxe5 Rf7 33. Qe6 Bf6 34.
Qg4+ Kf8 35. Re6 Bxb2 36. Qb4+ Kg8 37. Re8+ Kg7 38. Qxb2+ Rf6 39. Re6 1-0

[Event "19. Torneo San Viator"]
[Site "Madrid ESP"]
[Date "2012.10.21"]
[Round "5.15"]
[White "Rodriguez Sebastian, Roberto"]
[Black "Jimenez Elices, Jose Maria"]
[Result "1-0"]
[WhiteElo "1650"]
[BlackElo "1905"]
[PlyCount "53"]
[EventDate "2012.09.23"]
[EventType "swiss"]
[EventRounds "9"]
[EventCountry "ESP"]
[Source "lmi"]
[SourceDate "2012.09.23"]

1. e4 e6 2. d4 d5 3. exd5 exd5 4. Bd3 Nf6 5. Ne2 Bd6 6. O-O c6 7. Bf4 Qc7 8.
Bxd6 Qxd6 9. Re1 Be6 10. Ng3 g6 11. Qf3 Nbd7 12. a4 O-O-O 13. c3 h5 14. h4 Ng4
15. Nd2 g5 16. hxg5 h4 17. Ngf1 Rdg8 18. Bf5 Rxg5 19. Bxg4 Rxg4 20. Nh2 Rg7 21.
Ndf1 Rhg8 22. Ne3 Rxg2+ 23. Nxg2 h3 24. Kf1 Qxh2 25. Nf4 Rg1+ 26. Ke2 Rxe1+ 27.
Rxe1 1-0

[Event "19. Torneo San Viator"]
[Site "Madrid ESP"]
[Date "2012.10.21"]
[Round "5.16"]
[White "San Felipe Gonzalez, Tomas"]
[Black "Barahona Torrijos, Angel"]
[Result "0-1"]
[WhiteElo "1629"]
[BlackElo "1893"]
[PlyCount "44"]
[EventDate "2012.09.23"]
[EventType "swiss"]
[EventRounds "9"]
[EventCountry "ESP"]
[Source "lmi"]
[SourceDate "2012.09.23"]

1. d4 Nf6 2. c4 e6 3. Nc3 d5 4. cxd5 exd5 5. Bg5 Be7 6. e3 h6 7. Bh4 Nc6 8. Nf3
Ne4 9. Bxe7 Nxe7 10. Qc2 f5 11. Bd3 O-O 12. O-O Ng6 13. Nxd5 c6 14. Nc3 Ng5 15.
Ne5 Nxe5 16. dxe5 f4 17. exf4 Rxf4 18. Rae1 Nf3+ 19. gxf3 Qg5+ 20. Kh1 Qh5 21.
Re4 Qxf3+ 22. Kg1 Bh3 0-1

[Event "19. Torneo San Viator"]
[Site "Madrid ESP"]
[Date "2012.10.21"]
[Round "5.18"]
[White "Centeno Mateos, Domingo"]
[Black "Al-Zarif Zabala, Bassam"]
[Result "0-1"]
[WhiteElo "1580"]
[BlackElo "1768"]
[PlyCount "106"]
[EventDate "2012.09.23"]
[EventType "swiss"]
[EventRounds "9"]
[EventCountry "ESP"]
[Source "lmi"]
[SourceDate "2012.09.23"]

1. e4 c5 2. Nf3 Nf6 3. d4 Nxe4 4. Bd3 Nf6 5. dxc5 Qa5+ 6. Bd2 Qxc5 7. Nc3 a6 8.
O-O e6 9. Ne4 Nxe4 10. Bxe4 d5 11. Bd3 Bd6 12. c3 h6 13. Be3 Qc7 14. Rc1 Nc6
15. c4 dxc4 16. Rxc4 Qe7 17. Be4 Ne5 18. Nxe5 Bxe5 19. Qc2 O-O 20. Bc5 Bd6 21.
Rd1 Bxc5 22. Rxc5 Rb8 23. Rc1 Qd8 24. a4 Bd7 25. Rd1 Qe8 26. b3 b5 27. axb5
Bxb5 28. Bc6 Bxc6 29. Rxc6 Rc8 30. Rc1 Rxc6 31. Qxc6 Qxc6 32. Rxc6 Rb8 33. Rc3
a5 34. g3 Rb4 35. Kg2 g5 36. h3 Kg7 37. f3 Kg6 38. Re3 a4 39. bxa4 Rxa4 40. Kf2
Ra2+ 41. Kg1 Rd2 42. Re4 Rd5 43. Kf2 Kf5 44. Ke3 Re5 45. g4+ Kf6 46. Kd4 Rxe4+
47. fxe4 Ke7 48. Kc5 f6 49. Kc6 f5 50. gxf5 exf5 51. exf5 Kf6 52. Kd5 Kxf5 53.
Kd4 Kf4 0-1

[Event "19. Torneo San Viator"]
[Site "Madrid ESP"]
[Date "2012.10.21"]
[Round "5.19"]
[White "Salgado Duarte, Pablo"]
[Black "Garcia Otero, Pedro"]
[Result "0-1"]
[WhiteElo "1579"]
[BlackElo "1733"]
[PlyCount "50"]
[EventDate "2012.09.23"]
[EventType "swiss"]
[EventRounds "9"]
[EventCountry "ESP"]
[Source "lmi"]
[SourceDate "2012.09.23"]

1. d4 Nf6 2. Nc3 d5 3. Nf3 g6 4. Bf4 a6 5. e3 Bg7 6. h3 O-O 7. Bd3 Nbd7 8. O-O
c5 9. dxc5 Nxc5 10. Be2 e6 11. Re1 b5 12. a3 Bb7 13. Be5 Rc8 14. b4 Nce4 15.
Na2 Nd6 16. Rc1 Nc4 17. Bxc4 dxc4 18. Bd4 Qd5 19. c3 Rfd8 20. Qe2 Qf5 21. e4
Bxe4 22. Bxf6 Bxf3 23. gxf3 Bxf6 24. Kg2 Qg5+ 25. Kh2 Rd2 0-1

[Event "19. Torneo San Viator"]
[Site "Madrid ESP"]
[Date "2012.10.21"]
[Round "5.20"]
[White "Garcia Rojas, Juan Carlos"]
[Black "Del Castillo Lopez, Rafael"]
[Result "1/2-1/2"]
[WhiteElo "1570"]
[BlackElo "1729"]
[PlyCount "134"]
[EventDate "2012.09.23"]
[EventType "swiss"]
[EventRounds "9"]
[EventCountry "ESP"]
[Source "lmi"]
[SourceDate "2012.09.23"]

1. e4 c5 2. Nc3 Nc6 3. Bc4 d6 4. Nf3 Nf6 5. O-O g6 6. b3 Bg7 7. Rb1 O-O 8. Re1
a6 9. Bb2 b5 10. Bd5 Bb7 11. Bxc6 Bxc6 12. d3 b4 13. Ne2 Nd7 14. Bxg7 Kxg7 15.
Ng3 e5 16. Nd2 Bb5 17. Qg4 Nf6 18. Qg5 Kh8 19. Nf3 Ng8 20. Qe3 h6 21. h3 Kg7
22. Nh2 Bd7 23. f4 exf4 24. Qxf4 Qf6 25. Qe3 Qd4 26. Qxd4+ cxd4 27. Ne2 f5 28.
Nxd4 fxe4 29. Rxe4 Nf6 30. Ne6+ Bxe6 31. Rxe6 d5 32. Rbe1 Rae8 33. Nf3 a5 34.
Nd4 Ra8 35. Re7+ Rf7 36. Nc6 Rxe7 37. Rxe7+ Kf8 38. Ra7 Rc8 39. Nd4 Rb8 40.
Rxa5 h5 41. Ne6+ Ke7 42. Nf4 Kf7 43. Nxd5 Nxd5 44. Rxd5 Rc8 45. d4 Rxc2 46. Ra5
Rd2 47. d5 Ke7 48. h4 Kd6 49. Kf1 Rxd5 50. Ra6+ Ke5 51. Rxg6 Kf4 52. g3+ Kf3
53. Rf6+ Kxg3 54. Re6 Kxh4 55. Re4+ Kg3 56. Rxb4 h4 57. Rc4 h3 58. Rc3+ Kg4 59.
a4 Rd2 60. Kg1 Rb2 61. Re3 h2+ 62. Kh1 Kf4 63. Rh3 Ke5 64. a5 Kd6 65. a6 Ra2
66. b4 Kc6 67. Rh5 Rxa6 1/2-1/2

[Event "19. Torneo San Viator"]
[Site "Madrid ESP"]
[Date "2012.10.21"]
[Round "5.21"]
[White "Moreno Zamora, Gregorio"]
[Black "Soto Martin, Miguel"]
[Result "0-1"]
[WhiteElo "1724"]
[BlackElo "1493"]
[PlyCount "126"]
[EventDate "2012.09.23"]
[EventType "swiss"]
[EventRounds "9"]
[EventCountry "ESP"]
[Source "lmi"]
[SourceDate "2012.09.23"]

1. d4 Nf6 2. c4 g6 3. Nc3 Bg7 4. e4 d6 5. f4 O-O 6. Nf3 Nbd7 7. e5 dxe5 8. dxe5
Ne8 9. e6 fxe6 10. Ng5 Bxc3+ 11. bxc3 Ng7 12. Be2 Nc5 13. Qc2 Nf5 14. O-O Qd7
15. a4 a5 16. Nf3 Qe8 17. Ne5 Bd7 18. Bd1 Bc6 19. Nxc6 Qxc6 20. Bf3 Qa6 21. Be2
Rad8 22. Rf3 Qc6 23. Rh3 Qe4 24. Qxe4 Nxe4 25. Bf3 Ned6 26. c5 Nc4 27. Kf2 b6
28. g4 Ng7 29. Be2 Nd2 30. Bxd2 Rxd2 31. Ke3 Rd5 32. cxb6 cxb6 33. c4 Rc5 34.
Rf3 e5 35. Rb1 exf4+ 36. Rxf4 Rc6 37. Rxf8+ Kxf8 38. Ke4 Ne6 39. Ra1 Nc5+ 40.
Kf4 h6 41. h4 Kf7 42. g5 hxg5+ 43. Kxg5 Ne4+ 44. Kf4 Nd2 45. Rc1 Nb3 46. Rc3
Nc5 47. Bd1 Rf6+ 48. Ke3 e5 49. h5 g5 50. Bc2 g4 51. Bg6+ Kg7 52. Be4 Nxa4 53.
Rd3 Nc5 54. Rd5 Rf4 55. Bg6 Rxc4 56. Rxe5 Kh6 57. Re8 Nd7 58. Re6 Kg5 59. h6
Rc8 60. Bd3 Rh8 61. Rg6+ Kh5 62. Bf5 Ne5 63. Rxb6 Nc4+ 0-1